000 01075nam a2200289 a 4500
999 _c3978
_d3978
001 3978
003 BD-JhCC
005 20171120132624.0
008 751125s1959 enkaf b 001 0 eng d
035 _a(BD-JhCC)3978
040 _aDLC
_cWa
_dDLC
_dBD-JhCC
041 _aeng
050 0 0 _aZ696
_b.S2925 1967
082 0 0 _a025.4
_bSAY 1959
100 1 _aSayers, W. C. Berwick
_q(William Charles Berwick),
_d1881-1960.
245 1 2 _aA manual of classification for librarians :
_bFor Librarians and Bibliographers /
_c[by] W. C. Berwick Sayers; with illustrations and bibliography.
250 _a4th ed. completely revised and partly re-written
260 _aLondon :
_bAndre Deutsch,
_cc 1959.
300 _a404 p.
_billus., 8 plates.
_c23 cm.
490 0 _aA Grafton book
500 _aPrevious ed. published in London, Grafton, 1955, under title: Manual of classification for librarians and bibliographers.
504 _aBibliography: p. [381]-394.
650 0 _aClassification
_xBooks
_xBibliography.
700 1 _aMaltby, Arthur.
942 _2ddc
_cBK